Centro de Arbitraje y Mediacin̤ de la OMPI

Detalles Bibliográficos
Autor Corporativo: Centro de Mediacin̤ y Arbitraje de la OMPI
Formato: Desconocido
Lenguaje:español
Publicado: Ginebra : OMPI, Centro de Arbitraje y Mediacin̤
Materias:
Acceso en línea:Acceso restringido

MARC

LEADER 00000ny a22000003n 4500
005 20110512120141.0
008 030930s19uu sz 000 spa c
035 |a 34 
040 |a UAL  |d vLex 
080 |a 347.789 (051) 
090 |c 1768  |d 1768 
245 3 0 |a Centro de Arbitraje y Mediacin̤ de la OMPI  |h [Recurso electrn̤ico] 
256 |a Servicio en ln̕ea 
260 |a Ginebra :  |b OMPI, Centro de Arbitraje y Mediacin̤ 
650 0 4 |a Arbitraje (Derecho administrativo)  |x Publicaciones perid̤icas 
650 0 4 |a Propiedad intelectual  |x Publicaciones perid̤icas 
710 2 |a Centro de Mediacin̤ y Arbitraje de la OMPI 
740 0 |a vLex Revista (Servicios en ln̕ea) 
843 |a Electrn̤ica. Abierta 
853 |8 1  |i (year)  |j (month)  |k (day) 
856 4 0 |z Acceso restringido  |u http://vlex.com/account/login_ip?fuente_id=34 
942 |c REV